000 00191 a2200097 4500
001 1728
100 _aRotroff,
245 _aWork Measurement
260 _a
_bReinhold
_c
090 _c1265
_d1265
942 _aNUST-CAE
_cM
_c2947
999 _c236801
_d236801